000 00420nam a22001697a 4500
003 CEME
005 20210628210319.0
008 210201b xxu||||| |||| 00| 0 eng d
040 _c.
082 _a297.61 SHA
100 _aSheikh Farid-Ud-Din Attar
_978949
245 _aTazkirat-ul-oliya
260 _aLAHORE
_bJAHANGIR BOOK
_c1997
300 _a495P
650 _aISLAM-TAZKIRAT-UL-OLIYA
_978950
942 _cBK
_2ddc
999 _c584021
_d584021